| 000 | 00781nam a22002177a 4500 | ||
|---|---|---|---|
| 003 | OSt | ||
| 005 | 20260216105950.0 | ||
| 008 | 160222b xxu||||| |||| 00| 0 eng d | ||
| 020 | _a05-739-2009-1 | ||
| 024 | _205-739-2009-1 | ||
| 040 | _cLahore University of Management Sciences | ||
| 082 | _a174.4 LUM 2009 | ||
| 100 |
_aMohsin Bashir _9133219 |
||
| 245 |
_aTECHNOLOGY UPGRATION AND SKILL DEVELOPMENT COMPANY (TUSDEC) _cMohsin Bashir |
||
| 260 |
_alAH _bLahore University of Management Sciences _c2009 |
||
| 300 |
_a21 p. _bPapers |
||
| 440 |
_aTECHNOLOGY UPGRATION AND SKILL DEVELOPMENT COMPANY (TUSDEC) _9133220 |
||
| 590 | _6http://10.250.8.41:8080/xmlui/handle/123456789/56778 | ||
| 856 | _uhttp://10.250.8.41:8080/xmlui/handle/123456789/56778 | ||
| 942 |
_2ddc _cCS |
||
| 999 |
_c351191 _d351191 |
||